00872nam a2200193 4500003000900000020001800009040002800027100002500055245004400080260003100124300005200155490008400207500017000291650007200461650004400533650004100577650003000618650003000648CO-ViMGA a9789585942998 aCO-ViMGAbspacCO-ViMGA1 aSindy Elefanted198710aElefantes en el cuarto cSindy Elefante aBogotá : bLaguna Libros a106 páginasb ilustraciones en color ; 24 cm. a Plan Nacional de Lectura y Escritura Leer es mi cuento / Ministerio de Cultura aSindy Elefante es el seudónimo de Sindy Infante Saavedra \ Recomendado para un público mayor de 15 años \ Incluye datos biográficos de la autora en la solapa14aAutores Colombianos - Biografias - Tiras Comicas, Historietas, Etc.14aAutores Colombianos - Libros Ilustrados14aIdentidad De genero - Novela Grafica14aNovela Grafica Colombiana14aNovela Juvenil Colombiana